| 000 | 00821nam a22002537a 4500 | ||
|---|---|---|---|
| 999 |
_c33447 _d33447 |
||
| 001 | 2667 | ||
| 003 | CO-MdFUSB | ||
| 005 | 20190202100314.0 | ||
| 008 | 171120s1888 xxu||||| |||| 00| 0 eng d | ||
| 040 |
_aCO-MdFUSB _bspa _cCO-MdFUSB _dCO-MdFUSBC _erda |
||
| 041 | 0 | _aeng | |
| 082 | 0 | 4 | _aG 226.2 P2381p |
| 100 | 1 |
_aParker, Joseph (1830-1902) _eautor |
|
| 245 | 1 | 4 |
_aThe people's Bible _b : Discourses upon holy Scripture : The inner life of Christ, as revealed in the gospel of Matthew _c / Joseph Parker |
| 264 | 1 |
_aNew York, USA : _bFunk & Wagnalls, _c1888 |
|
| 300 | _a375 Pag | ||
| 336 |
_2rdacontent _atexto _btxt |
||
| 337 |
_2rdamedia _asin mediación _bn |
||
| 338 |
_2rdacarrier _avolumen _bnc |
||
| 650 | 0 |
_aBiblia _916 |
|
| 653 | _aBiblia - Comentarios | ||
| 653 | _aInterpretación de la Biblia | ||
| 942 | _cBK | ||